Uvieta /

שמור ב:
מידע ביבליוגרפי
מחבר ראשי: Cañas Escalante, Alberto F., 1917-
פורמט: לא ידוע
שפה:Spanish
יצא לאור: San José, Costa Rica : Rei Centroamericana, S. A., 1995.
נושאים:
תגים: הוספת תג
אין תגיות, היה/י הראשונ/ה לתייג את הרשומה!

MARC

LEADER 000000000a22000000004500
001 003211
020 |a 9977800278 
041 0 |a spa 
082 0 4 |a CR862.4   |b C235u2 
100 1 |a Cañas Escalante, Alberto F.,   |d 1917- 
245 1 0 |a Uvieta /   |c Alberto F. Cañas Escalante. 
260 1 |a San José, Costa Rica :   |b Rei Centroamericana, S. A.,   |c 1995. 
300 |a 93 páginas 
650 4 |a LITERATURA COSTARRICENSE 
650 4 |a TEATRO 
999 |c 9494  |d 9494 
942 |c BK  |h CR862.4 C235u2  |2 z